000 01071cad a22001935a 4500
001 L152293
008 110218s2011 xxk 000 0 eng d
035 _a(Sirsi) u152293
041 0 _aeng
110 2 _aEC Harris
_94930
245 0 0 _aMarket view UK
_bwinter 2010/2011, possibility of "double dip" and higher commodity prices indicates there may be trouble ahead
_h[electronic resource]
260 _a[S.l.]
_bECHarris
_c2011
520 _a'Double dip' on the cards for construction as housing and public sector workload slumps; construction materials' prices up 7% in the year, labour rates up by just 2%; construction output v tender price index (December 2010); infrastructure tender price index (December 2010); tender conditions and insolvencies; construction company failures in England and Wales.
590 _aKA NTK
651 4 _aUnited Kingdom
_y
690 _aBUILT ENVIRONMENT-CONSTRUCTION MARKET
856 4 0 _uhttps://www.echarris.com/pdf/7854_Market%20view_WINTER%202010_2011_FINAL.pdf
_zView the item free of charge at www.echarris.com
942 _n0
999 _c111971
_d111971